000 00642cam a2200217 a 4500
001 000008076
005 20200929154425.0
008 790502s1977 sp 000 1 spa
020 _a8420420026
040 _aDO-SdBNP
_dBNPHU
082 _a863.64
_bM645v
100 1 _aMillás García, Juan José,
_d1946-
_921983
245 1 0 _aVisión del ahogado /
_cJuan José Millás.
260 _aMadrid :
_bAlfaguara,
_c1977.
300 _a238 p. ;
_c20 cm.
490 0 _aLiteratura Alfaguara
650 4 _aNovela española
_91123
650 4 _aLiteratura española
_9632
830 0 _aLiteratura Alfaguara
_913319
910 _aCatalogación derivada
999 _c7853
_d7853